Basketball Players - Statistics

General Stats
  • This quiz has been taken 310 times
  • The average score is 14 of 20
Answer Stats
Picture Answer % Correct
Lebron James
96%
Kobe Bryant
95%
Michael Jordan
95%
Shaq
91%
Larry Bird
89%
Giannis Antetokounmpo
86%
Klay Thompson
81%
Magic Johnson
81%
Dennis Rodman
78%
Scottie Pippen
76%
Tim Duncan
71%
Charles Barkley
68%
Kareem
67%
Steph Curry
66%
Pascal Siakam
57%
David Robinson
56%
Vince Carter
55%
Jason Tatum
51%
Bob Cousy
35%
Sam Jones
9%
No matching quizzes found
Score Distribution
Percent of People with Each Score
Percentile by Number Answered
Your Score History
You have not taken this quiz